000 00334nam a2200133Ia 4500
008 210210b1962 xxu||||| |||| 00| 0 eng d
082 _a330 SCIW
100 _aSCITOVSKY (Tibor).
245 _aWelfare and competition.
260 _aChicago
_bRichard D Irwin
_c1962
300 _axvi,457
690 _aEconomic Theory
906 _a033261
999 _c84446
_d84446